000 00760cam a22002295a 4500
001 L157393
008 121121s2012 xxko f 000 0 eng d
020 _a9781848062801
035 _a(Sirsi) u157393
041 0 _aeng
100 1 _aBreeze, Gordon
245 0 4 _aStatic and dynamic wind loads on building-mounted microwind turbines
260 _aWatford
_bBRE
_c2012
300 _a12p.
_bill.
_c30cm.
490 0 _aBRE Information Paper
_v(14/12)
520 _aLooks at microwind turbine applications and offers advice to manufacturers, installers and engineers, including information on reducing wind loads without compromising safety.
521 _aAdvanced
590 _aKA
651 4 _aUnited Kingdom
_y
690 _aEnergy
_96237
942 _n0
999 _c114752
_d114752